Markets (Record no. 83442)

MARC details
000 -LEADER
fixed length control field 01297cab a22002175a 4500
001 - CONTROL NUMBER
control field L154001
008 - FIXED-LENGTH DATA ELEMENTS--GENERAL INFORMATION
fixed length control field 111003e20110923xxk 000 0 eng d
035 ## - SYSTEM CONTROL NUMBER
System control number (Sirsi) u154001
041 0# - LANGUAGE CODE
Language code of text/sound track or separate title eng
100 1# - MAIN ENTRY--PERSONAL NAME
Personal name Morrison, Doug
245 00 - TITLE STATEMENT
Title Markets
Remainder of title residential, senior living
260 ## - PUBLICATION, DISTRIBUTION, ETC.
Date of publication, distribution, etc. 2011
490 #0 - SERIES STATEMENT
Series statement Property Week
Volume/sequential designation 77(38) 23 September 2011, 58-64(4)
520 ## - SUMMARY, ETC.
Summary, etc. Demand for private retirement homes is growing but developers are still being held back by planning laws. Presents research data from Savills which confirms the wealth held by older people and that they do not wish to move into 'elderly enclaves': over-65s own £1tr of housing; older households move fewer times; and over-50s is the fastest growing demographic group. Specialist developers and managing agents involved in retirement housing are under pressure to clean up their act. English Care Villages has an ambitious retirement village development programme while Helical Bar is retreating from the sector. Retirement villages are no easy ride for developers.
590 ## - LOCAL NOTE (RLIN)
Local note KA
651 #4 - SUBJECT ADDED ENTRY--GEOGRAPHIC NAME
Geographic name United Kingdom
Chronological subdivision
690 ## - LOCAL SUBJECT ADDED ENTRY--TOPICAL TERM (OCLC, RLIN)
Topical term or geographic name as entry element PROPERTY-RESIDENTIAL PROPERTY-RESIDENTIAL PROPERTY FINANCE AND INVESTMENT
690 ## - LOCAL SUBJECT ADDED ENTRY--TOPICAL TERM (OCLC, RLIN)
Topical term or geographic name as entry element PROPERTY-RESIDENTIAL PROPERTY-RESIDENTIAL PROPERTY MARKET
700 1# - ADDED ENTRY--PERSONAL NAME
Personal name Farmer, Mark
942 ## - ADDED ENTRY ELEMENTS (KOHA)
Suppress in OPAC 0
Holdings
Withdrawn status Lost status Source of classification or shelving scheme Damaged status Not for loan Home library Current library Shelving location Date acquired Total Checkouts Full call number Barcode Date last seen Copy number Price effective from Koha item type
    Dewey Decimal Classification     London London Journal article 03/10/2011   L154001 154001-1001 06/08/2019 1 06/08/2019 Journal article